Marketing vybraného podniku v kontexte digitalizácie diplomová práca

Gespeichert in:
Bibliographische Detailangaben
1. Verfasser: Dvorščáková, Dominika
Körperschaft: Obchodná fakulta EU. Katedra marketingu
Weitere Verfasser: Vernerová, Dominika, 1994-
Format: Buch
Sprache:Slowakisch
Veröffentlicht: Bratislava 2023
Tags: Tag hinzufügen
Keine Tags, Fügen Sie das erste Tag hinzu!

MARC

LEADER 00000nbm a2200000 4500
001 0293987
005 20231219141712.4
041 0 |a slo 
044 |a SK 
245 1 0 |a Marketing vybraného podniku v kontexte digitalizácie  |b diplomová práca  |c Dominika Dvorščáková ; školiteľ: Dominika Vernerová 
264 1 |a Bratislava  |c 2023 
300 |a 83 s. 
100 1 |a Dvorščáková, Dominika 
700 1 |a Vernerová, Dominika, 1994- 
710 2 |a Obchodná fakulta EU. Katedra marketingu